000 01367nam0a2200325 4500
001 RU\NLR\bibl\799182
005 20260406135746.0
010 _a5-85066-224-3
_915500
021 _aRU
_b2005-7016
_9359
035 _a(NLR Aleph) 000788365
090 _a1105889
_c1105889
100 _a20050514d2004 |||y0rusy50 ca
101 0 _arus
102 _aRU
105 _aa |||||||||
200 1 _aДавайте поиграем
_e[для чтения взрослыми детям
_fхудож. Александр Алир и др.]
210 _aМосква
_cСамовар 1990
_d2004
215 _a43,[4] с.
_cцв. ил.
_d17
225 1 _aДля самых маленьких
300 _aНа обл. авт.: Э. Мошковская, И. Токмакова, В. Берестов и др.
686 _aШ9(2)60=Р7-5я43
701 1 _4070
_8rus
_7ca
_aМошковская
_bЭ. Э.
_f1926-1981
_gЭмма Эфраимовна
_3RU\NLR\auth\7731213
_914224
701 1 _4070
_8rus
_7ca
_aТокмакова
_bИ. П.
_f1929-2018
_gИрина Петровна
_3RU\NLR\AUTH\772752
_9112760
701 1 _4070
_8rus
_7ca
_aБерестов
_bВ. Д.
_gВалентин Дмитриевич
_f1928-1998
_3RU\NLR\auth\7731156
_914167
801 0 _aRU
_bNLR
_c20050514
_grcr
801 1 _aRU
_bNLR
_c20050514
942 _cBOOK
980 _aNB